| 000 | 01231nam a2200337 a 4500 | ||
|---|---|---|---|
| 001 | dia_5415 | ||
| 003 | CHAP | ||
| 005 | 20240122124816.0 | ||
| 007 | ta | ||
| 008 | 220117s1988 mx a f 000 0 spa d | ||
| 040 |
_cCHAP _amxchpua |
||
| 090 |
_aT.C.51 _bE87 SAI _c1988 |
||
| 245 | 1 | 0 |
_aSistema agroindustrial cítricos en la región de Montemorelos, N. L. / _ccoordinación Teodoro Espinosa Solares ; colaboración Rubén Antonio Gopar...[et al.] |
| 260 |
_aMéxico : _bEl autor, _c1988 |
||
| 300 |
_a123 hojas : _bilustraciones, tablas |
||
| 336 |
_2rdacontent _atexto _btxt |
||
| 337 |
_2rdamedia _asin medio _bn |
||
| 338 |
_2rdacarrier _avolumen _bnc |
||
| 500 | _aGrado : 6° | ||
| 502 |
_aViaje de estudios _b(SAI) -- _c UACh. Departamento de Ingeniería Agroindustrial, _d1988 |
||
| 650 | 1 | 3 |
_aCitric fruits _xIndustry _9158604 _zMexico _zNuevo León |
| 650 | 1 | 3 |
_aCítricos _xIndustria _9158605 _zMéxico _zNuevo León |
| 700 | 1 |
_aAntonio Gopar, Rubén _96092 _ecolaborador |
|
| 700 | 1 |
_aEspinosa Solares, Teodoro _9153069 _ecoordinador |
|
| 901 | _aT.C.51 E87 SAI 1988 | ||
| 902 | _aM | ||
| 905 | _a5332271988 mx n 8222223322spa16 | ||
| 942 | _2local | ||
| 942 | _cVE | ||
| 999 |
_c176353 _d176353 |
||